000 00657nam2a2200205 4500
001 RU\NLR\PER_A\010387287_000130
005 20250626113754.0
035 _a(NLR Aleph) 011710644
090 _a11431752
_c11431752
100 _a20180522d2017 |||y0rusy50 ca
101 0 _arus
102 _aRU
200 0 _a2017, № 2 (9)
210 _d2017
_aБ. м.
461 0 _1001RU\NLR\Per\1042981
_12001#$aTatarica$eнаучный журнал$v2017, № 2 (9)
_99660138
_cКазань
_d2014 -
_n[б. и.]
_oнаучный журнал
_tTatarica
_x2311-2042
_v2017, № 2 (9)
852 _aNLR
_bОНЛ
942 _cISSUE
980 _aNB
980 _aRUSPER